| 000 | 00960nam a2200277 i 4500 | ||
|---|---|---|---|
| 001 | 000027359 | ||
| 003 | DO-SdBNP | ||
| 005 | 20250618134508.0 | ||
| 007 | ta | ||
| 008 | 110331s1980 dr ab 000 | spa d | ||
| 040 |
_aDO-SdBNP _bspa _cBNPHU _erda |
||
| 082 | 4 |
_a972.9301 _bV422c _222 |
|
| 100 | 1 |
_aVega, Bernardo, _d1938 - _93222 _eautor _4aut. |
|
| 245 | 1 | 4 |
_aLos cacicazgos de La Hispaniola / _cBernardo Vega ; edición, José Chez Checo |
| 264 | 4 |
_aSanto Domingo : _bEdiciones Museo del Hombre Dominicano, _c1980. |
|
| 300 |
_a88 páginas : _bilustraciones, mapas ; _c19 cm. |
||
| 336 |
_atexto _btxt _2rdacontent |
||
| 337 |
_asin mediación _bn _2rdamedia |
||
| 338 |
_avolumen _bnc _2rdacarrier |
||
| 490 | 1 |
_aInvestigaciones antropológicas _v13 |
|
| 500 | _aIncluye referencias bibliográficas y notas al pie de las páginas. | ||
| 590 | _aInventariado, 2021 / DG | ||
| 650 | 4 |
_aIndios de Santo Domingo _945532 |
|
| 910 | _aD/G | ||
| 942 |
_2ddc _cLBS1 |
||
| 999 |
_c26851 _d26851 |
||